00457nam a2200109Ia 4500008004100000050002300041100002300064245013400087260008600221300002800307521001200335140724s9999 xx 000 0 und d aRT 71b.Al321 2011 aAlarcon, Mariecel. 4aThe multiple intelligence of the 4th year nursing students of SISC in relation to their academic performance /cMariecel Alarcon. aLas Piñas, Philippines :bSouthville International School and Colleges,cc2011. a48 p. :bill. ;c28 cm. aNursing